Gaming Quiz

Random Gaming or Pokémon Quiz

Pokemon Boss Fights Quiz Stats

 Plays Quiz not verified by Sporcle

Challenge
Share
Tweet
Embed
Score 0/167 Timer 20:00
0 Plays Today
Hint Boss % Correct
Kanto's Second Gym LeaderMisty
90.2%
Kanto's Eighth Gym LeaderGiovanni
90.2%
(Rainbow) Rocket LeaderGiovanni
90.2%
Unova's First Gym Leader (BW2)Cheren
89.2%
Unova's Champion (BW2)Iris
89.2%
Kanto's First Gym LeaderBrock
88.9%
Kanto's Eighth Gym Leader (3 years later)Blue
88.9%
Kanto's ChampionBlue
88.9%
Kanto RivalBlue
88.9%
Kanto's Fifth Gym LeaderKoga
88.2%
Johto's Second Elite 4Koga
88.2%
Kalos's ChampionDiantha
88%
Kanto's Third Gym LeaderLt. Surge
87.6%
Kanto's Fourth Elite 4Lance
87.6%
Johto's ChampionLance
87.6%
Kalos's First Gym LeaderViola
87%
Kanto's Seventh Gym LeaderBlaine
86.9%
Kanto's Second Elite 4Bruno
86.9%
Johto's Third Elite 4Bruno
86.9%
Unova's Seventh Gym Leader (BW2)Drayden
86.5%
Kanto's Fourth Gym LeaderErika
86.3%
Johto's Second Gym LeaderBugsy
86.3%
Plasma 'Leader'N
86.3%
Kalos's Fifth Gym LeaderClemont
86.1%
Kanto's Sixth Gym LeaderSabrina
85.6%
Kalos's Third Gym LeaderKorrina
85.2%
Hoenn Friendly RivalBrendan
85%
Hoenn's Eighth Gym Leader (RSORAS)Wallace
84.3%
Hoenn's Champion (E)Wallace
84.3%
Kalos's Eighth Gym LeaderWulfric
84.3%
Kalos's Seventh Gym LeaderOlympia
84.3%
Kalos RivalCalem
84.3%
Unova's Second Gym Leader (BW2)Roxie
83.8%
Johto's First Gym LeaderFalkner
83.7%
Johto's Third Gym LeaderWhitney
83.7%
Kalos's Fourth Gym LeaderRamos
83.3%
Kalos's Second Gym LeaderGrant
83.3%
Johto's Fourth Gym LeaderMorty
83%
Johto's Fifth Gym LeaderChuck
83%
Johto's Sixth Gym LeaderJasmine
83%
Galactic Commander (Purugly)Mars
83%
Unova's Eighth Gym Leader (BW2)Marlon
82.9%
Kalos's Elite 4Drasna
82.4%
Kalos's Elite 4Malva
82.4%
Flare LeaderLysandre
82.4%
Kanto's Third Elite 4Agatha
81.7%
Johto's Eight Gym LeaderClair
81.7%
Hoenn's First Gym LeaderRoxanne
81.7%
Kalos's Elite 4Siebold
81.5%
Kalos's Sixth Gym LeaderValerie
81.5%
Unova Rival (BW2)Hugh
81.1%
Kanto's Fifth Gym Leader (3 years later)Janine
81%
Johto's Seventh Gym LeaderPryce
81%
Hoenn's Fourth Gym LeaderFlannery
81%
The Strongest TrainerRed
81%
Kalos's Elite 4Wikstrom
80.6%
Hint Boss % Correct
Flare ScientistXerosic
80.6%
Hoenn's Second Gym LeaderBrawly
80.4%
Sinnoh's Eighth Gym LeaderVolkner
80.4%
Unova's Eighth Gym Leader (W)Iris
80.4%
Johto RivalSilver
80.4%
Kanto's First Elite 4Lorelei
79.7%
Hoenn's Fifth Gym LeaderNorman
79.7%
Hoenn's Seventh Gym LeadersLiza & Tate
79.7%
Hoenn's Fourth Elite 4Drake
79.7%
Sinnoh's ChampionCynthia
79.7%
Ultra Alola's 'Champion'Hau
79.3%
Plasma ScientistColress
79.3%
Hoenn's Third Gym LeaderWattson
79.1%
Hoenn's Champion (RSORAS)Steven
79.1%
Johto's First Elite 4Will
78.4%
Johto's Fourth Elite 4Karen
78.4%
Hoenn's Sixth Gym LeaderWinona
78.4%
Sinnoh's First Gym LeaderRoark
78.4%
Sinnoh's Fifth/Fourth Gym LeaderCrasher Wake
78.4%
Unova's First Gym Leader (1 of 3) (BW)Cilan
78.4%
Magma LeaderMaxie
78.4%
Sinnoh's Second Gym LeaderGardenia
77.8%
Aqua LeaderArchie
77.8%
Galactic Commander (Skuntank)Jupiter
77.8%
Sinnoh's Sixth Gym LeaderByron
77.1%
Sinnoh's Second Elite 4Bertha
77.1%
Hoenn Ralts RivalWally
77.1%
(Ultra) Alola's First KahunaHala
76.6%
(Ultra) Alola's Second KahunaOlivia
76.6%
Alola's Elite FourHala
76.6%
Alola's 'Champion'Professor Kukui
76.6%
(Ultra) Alola's Elite FourOlivia
76.6%
Alola RivalHau
76.6%
Hoenn's Eighth Gym Leader (E)Juan
76.5%
Sinnoh's Third/Fifth Gym LeaderFantina
76.5%
Sinnoh RivalBarry
76.5%
Galactic Commander (Toxicroak)Saturn
76.5%
Sinnoh's Seventh Gym LeaderCandice
75.8%
Sinnoh's Fourth/Third Gym LeaderMaylene
75.2%
Sinnoh's Third Elite 4Flint
75.2%
Unova's First Gym Leader (1 of 3) (BW)Cress
75.2%
Unova Rival (Male) (BW)Cheren
75.2%
Galactic LeaderCyrus
75.2%
Sinnoh/Johto Tower TycoonPalmer
74.6%
Unova's Fourth Gym LeaderElesa
74.5%
Unova's Champion (BW)Alder
74.5%
Unova Rival (Female) (BW)Bianca
74.5%
(Ultra) Alola's Third Trial CaptainKiawe
74.5%
(Ultra) Alola's Sixth Trial CaptainAcerola
74.5%
(Ultra) Alola's Elite FourAcerola
74.5%
(Ultra) Alola's Elite FourKahili
74.5%
Aether PresidentLusamine
74.5%
Sinnoh's First Elite 4Aaron
73.9%
Unova's First Gym Leader (1 of 3) (BW)Chili
73.9%
Unova's Sixth Gym LeaderSkyla
73.9%
Unova's Eighth Gym Leader (B)Drayden
73.9%
Hint Boss % Correct
Hoenn Pyramid KingBrandon
73.8%
Hoenn's First Elite 4Sidney
73.2%
Hoenn's Third Elite 4Glacia
73.2%
Sinnoh's Fourth Elite 4Lucian
73.2%
Hoenn Pike QueenLucy
73%
Unova's Second Gym Leader (BW)Lenora
72.5%
Unova's Fifth Gym LeaderClay
72.5%
Plasma LeaderGhetsis
72.5%
(Ultra) Alola's Fourth Trial CaptainMallow
72.3%
(Ultra) Alola's Fourth KahunaHapu
72.3%
Skull AdminPlumeria
72.3%
Aether Branch ChiefFaba
72.3%
Skull LeaderGuzma
72.3%
Flare ScientistAliana
72.2%
Flare ScientistCelosia
72.2%
Flare ScientistBryony
72.2%
Unova Subway Boss (Singles)Ingo
72.1%
Unova Subway Boss (Doubles)Emmet
72.1%
Black Skyskraper/White Treehollow LeaderBenga
72%
Hoenn's Second Elite 4Phoebe
71.9%
Flare ScientistMable
71.3%
Unova's Elite 4Grimsley
71.2%
Unova's Third Gym LeaderBurgh
70.6%
Unova's Seventh Gym Leader (BW)Brycen
70.6%
(Ultra) Alola's First Trial CaptainIlima
70.2%
(Ultra) Alola's Second Trial CaptainLana
70.2%
(Ultra) Alola's Third KahunaNanu
70.2%
Unova's Elite 4Shauntal
69.9%
Hoenn Dome AceTucker
68.9%
Sinnoh/Johto Arcade StarDahlia
68.9%
Sinnoh/Johto Castle ValetDarach
68.9%
(Ultra) Alola's Fifth Trial CaptainSophocles
68.1%
Ultra Alola's Seventh Trial CaptainMina
68.1%
Skull EnforcerGladion
68.1%
Unova's Elite 4Caitlin
68%
Hoenn Factory HeadNoland
66.4%
Rocket Executive (Koffing & Weezing)Petrel
66%
Rocket Executive (Golbat & Weezing)Proton
66%
Hoenn Palace MavenSpenser
65.6%
Ultra Alola's Elite FourMolayne
65.5%
Rocket Executive (Houndoom)Archer
65.4%
Aqua Admin (Female)Shelly
65.4%
Hoenn Arena TycoonGreta
64.8%
Unova's Elite 4Marshall
64.1%
Kalos/Hoenn ChatelaineMorgan
63.9%
Hoenn Salon MaidenAnabel
63.1%
Kalos/Hoenn ChatelaineEvelyn
63%
Sinnoh/Johto Factory HeadThorton
62.3%
Sinnoh/Johto Hall MatronArgenta
62.3%
Rocket Executive (Murkrow)Ariana
62.1%
Magma Admin (REOR)Tabitha
61.4%
Magma Admin (ROR)Courtney
58.8%
Aqua Admin (Male)Matt
57.5%
Kalos/Hoenn ChatelaineNita
57.4%
Kalos/Hoenn ChatelaineDana
55.6%

You're not logged in!

Compare scores with friends on all Sporcle quizzes.
OR
Log In

You Might Also Like...

Show Comments

Extras

Created Nov 2, 2011ReportNominate
Tags:Pokémon Quiz, boss, extra, fight

Top Quizzes Today


Score Distribution

Your Account Isn't Verified!

In order to create a playlist on Sporcle, you need to verify the email address you used during registration. Go to your Sporcle Settings to finish the process.

Report this User

Report this user for behavior that violates our Community Guidelines.

Details: